00385nam a2200121Ia 45000010005000000080041000050820024000461000079000702450045001492600028001949010026002229990015002484363241024s9999 xx 000 0 und d aRD/690.7/R426i/2014 aRepública Dominicana. Ministerio de Educación. Edificaciones Escolares 0aInforme . "Centros Educación Especial" b[*SIN EDITORIAL*]c2014 a2/9/2016 3:19:15 p.m. c7975d7975